Hodnotenie inovačného potenciálu podniku

Významu inovačného potenciálu v podniku a analýza moderných prístupov hodnotenia inovačného podnikového potenciálu.

Gespeichert in:
Bibliographische Detailangaben
1. Verfasser: Štefániková, Mariana
Format: Buchkapitel
Sprache:Slowakisch
Schlagworte:
Tags: Tag hinzufügen
Keine Tags, Fügen Sie das erste Tag hinzu!

MARC

LEADER 00000nla a2200000 4500
001 0239067
005 20240417075131.2
041 0 |a slo 
044 |a SK 
245 1 0 |a Hodnotenie inovačného potenciálu podniku  |c Mariana Štefániková 
520 |a Významu inovačného potenciálu v podniku a analýza moderných prístupov hodnotenia inovačného podnikového potenciálu. 
610 2 0 |a stratégia inovačná 
610 2 0 |a podnik 
610 2 0 |a inovácia 
610 2 0 |a meranie výkonnosti 
610 2 0 |a konkurencieschopnosť 
100 1 |a Štefániková, Mariana